| 000 | 00420nam a2200181Ia 4500 | ||
|---|---|---|---|
| 005 | 20240823055004.0 | ||
| 008 | 240823s9999||||xx |||||||||||||| ||und|| | ||
| 041 | _aENGLISH | ||
| 100 | _aAslam M | ||
| 245 | 0 | _aExperience and Emotion | |
| 250 | _a1st | ||
| 260 |
_c2016 _bFoundation Books PV |
||
| 500 | _aYES | ||
| 650 |
_aExperience and Emotion _bGeneral |
||
| 700 | _aTak A H. | ||
| 942 | _cBK | ||
| 999 |
_c227746 _d227746 |
||